000 00626nam a2200229Ia 4500
005 20251020182543.0
008 200515s9999 xx 000 0 und d
082 _a747.01/F49
100 _aFIELD, Marcus IRVING, Mark
245 0 _aLofts
260 _aBarcelona
260 _c1999
300 _a208
500 _a1 ejemplar
520 _aLocales industriales adaptados como viviendas diseñados y decorados para diferentes usos se les conoce como Lofts
650 _aDECORACION DE INTERIORES
650 _aDISEÑO DE INTERIORES
650 _aDISEÑO DE LOFTS
650 _aLIB
650 _aLOFTS
942 _cLIB
999 _c2471
_d2471